Score 0/28 Timer 06:00
6 Plays Today
% Correct
Favor
92%
Alone
91.7%
Other
90.6%
Ishmael
90.2%
Eye
89.8%
Remains
88.7%
Make
88.3%
Wife
87.9%
Sea
86.1%
Written
85.8%
Themselves
85.2%
Choose
84.9%
Breakfast
84.7%
Understood
84.2%
% Correct
Memory
84%
Facts
83.1%
Foolishness
82.3%
Will
79.9%
Print
79.8%
Penguin
76.6%
Live
74.7%
Attempt
74.2%
Piggy
73.7%
Sleep
72.1%
Pierced
62.3%
Freedom
59.9%
Everybody
58.5%
Past
56.8%
Remove Ads.
Support Sporcle.
Get the best of Sporcle when you Go Orange. This ad-free experience offers more features, more stats, and more fun while also helping to support Sporcle. Thank you for becoming a member.

You're not logged in!

Compare scores with friends on all Sporcle quizzes.
OR
Log In

Show Comments

Extras

Top Quizzes Today


Score Distribution

Your Account Isn't Verified!

In order to create a playlist on Sporcle, you need to verify the email address you used during registration. Go to your Sporcle Settings to finish the process.

Report this User

Report this user for behavior that violates our Community Guidelines.

Details: